000 01381nam a2200361 i 4500
001 000003666
003 DO-SdBNP
005 20250224101421.0
006 a||||er|||| 00| 0
007 ta
008 090713e1987 dr aoc er 001 e spa d
040 _aDO-SdBNP
_bspa
_cBNPHU
_erda
082 4 _a299.675
_bD261o
_222
100 _aDavis, Martha Ellen
_eautor
_4aut.
_911236
245 1 3 _aLa otra ciencia :
_bel vodú dominicano como religión y medicina populares /
_cMartha Ellen Davis.
264 1 _aSanto Domingo :
_bEditora Universitaria-UASD,
_c1987.
300 _a441 páginas :
_bIlustraciones, fotografías, retratos ;
_c22 cm.
336 _asin mediación
_bn
_2rdamedia
337 _avolumen
_bnc
_2rdacarrier
338 _avolumen
_bnc
_2rdacarrier
490 _aColección Estudios Sociales ;
_v5
490 _aPublicaciones de la Universidad Autónoma de Santo Domingo
504 _aBibliografía : páginas 433- 438
590 _aInventariado, 2024 / MF
650 4 _aVudú
_910916
_zRepública Dominicana
650 4 _aCuración (En religión, folclor, etc.)
_979474
650 4 _aMedicina folclórica
_936982
_zRepública Dominicana
650 4 _aMedicina popular
_912480
650 4 _aOcultismo
_92395
_zRepública Dominicana
650 4 _aReligión y cultura
_956573
_zRepública Dominicana
910 _aValidado. Control de calidad MMOLINA
942 _2ddc
_cLBS1
999 _c3489
_d3489